000 01449nam0a22003011 4500
001 rc\3462078
005 20260407223856.0
021 _aRU
_b75-102017
021 _aRU
_bРг2131-76
035 _a(NLR Aleph) 007886862
090 _a7953033
_c7953033
100 _a20130115d1974 |||y0rusy50 ca
101 0 _arus
102 _aRU
105 _ay z |||||
200 1 _aОборудование технического кабинета для предприятий бурения
_e(Метод. рекомендации)
_fМ-во газовой пром-сти. Упр. организации труда, заработной платы и рабочих кадров. Центр. учеб.-метод. кабинет по проф.-техн. обучению кадров
210 _aМосква
_cб. и.
_d1974
215 _a49 с.
_d20
300 _aВ вып. дан. сост.: Косинский В.А.
320 _aБиблиогр.: с. 46-47
702 1 _aКосинский
_bВ. А.
_4220
712 0 2 _4570
_aЦентральный учебно-методический кабинет по профессионально-техническому обучению кадров Министерства газовой промышленности СССР
_3RU\NLR\AUTH\8810151811
_9798346
801 0 _aRU
_bNLR
_gpsbo
801 1 _aRU
_bELAR
_2rusmarc
852 _aNLR
_j76-4/5569
942 _cBOOK
980 _aNB